Record dans le foot - Statistiques

Statistiques générales
  • Ce quiz a été pris 413 fois
    339 depuis la dernière actualisation
  • Le résultat moyen est 7 sur 10
Statistiques - réponses
Hint Réponse % Correct
Conmbien de finale de ligue des champions le Real Madrid a perdu 4
94%
Quelle joueur a gagné le plus de coupe du monde Pelé
90%
Quelle club a le plus gagné de ligue des champions consécutivement Real Madrid
87%
Quelle joueur a marqué le plus de pénalties Messi
85%
Quelle joueur a le plus marqué sur coup franc Juninho
81%
Quelle joueur a inscrit le plus de but sur une édition d'une coupe du monde Fontaine
77%
Quelle joueur a inscrit le plus de but en coupe de monde Klose
73%
Quelle est le joueur Français avec le plus de titre Benzema
72%
Quelle équipe a perdu le plus en finale de ligue des champions Juventus
72%
Quelle joueur a le plus de cartons rouge en ligue 1 Cyril Rool
13%
Aucun quiz correspondant
Distribution des résultats
% des personnes avec chaque résultat
Percentile par nombre de réponses
Votre historique - résultats
Vous n’avez pas pris ce quiz depuis la dernière actualisation